Chữa cao huyết áp bằng phương pháp dưỡng sinh

Gespeichert in:
Bibliographische Detailangaben
1. Verfasser: Vũ, Hữu Ngõ
Format: Buch
Sprache:Undetermined
Veröffentlicht: Hà Nội Thể dục Thể thao 2001
Schlagworte:
Tags: Tag hinzufügen
Keine Tags, Fügen Sie den ersten Tag hinzu!
Thư viện lưu trữ: Trung tâm Học liệu Trường Đại học Cần Thơ
LEADER 00567nam a2200193Ia 4500
001 CTU_41778
008 210402s9999 xx 000 0 und d
020 |b 14.000đ 
082 |a 613.7046 
082 |b Ng400 
100 |a Vũ, Hữu Ngõ 
245 0 |a Chữa cao huyết áp bằng phương pháp dưỡng sinh 
245 0 |c Vũ Hữu Ngõ 
260 |a Hà Nội 
260 |b Thể dục Thể thao 
260 |c 2001 
650 |a Physical fitness,Yoga 
904 |i Minh 
980 |a Trung tâm Học liệu Trường Đại học Cần Thơ